| 000 | 00736nam a2200241 a 4500 | ||
|---|---|---|---|
| 001 | BRL_1041 | ||
| 005 | 20190320211017.0 | ||
| 008 | 051113s1960----mx-a######---#000-0#spa-# | ||
| 041 | _aspaeng | ||
| 044 | _amx | ||
| 050 | 4 |
_aNK4031.T6 _b.M37 1960 |
|
| 100 | 1 |
_aMarín de Paalen, Isabel _925659 |
|
| 245 | 1 | 0 |
_aAlfarería Tonalá _cpor Isabel Marín de Paalen. |
| 260 |
_aGuadalajara, Jal. _b[Planeación y promoción S.A.] _c1960 |
||
| 300 |
_a[88] p. _bil. (algunas a color) _c17 cm. |
||
| 440 | 0 |
_aJalisco en el Arte _v5 _925660 |
|
| 500 | _aAu1178 | ||
| 500 | _aTexto en: español e inglés | ||
| 650 | 1 | 4 |
_aCerámica _zTonalá (Jalisco) _925661 |
| 650 | 1 | 4 |
_aAlfareros _zTonalá (Jalisco) _925662 |
| 902 | _aGRL | ||
| 942 |
_2lcc _cB |
||
| 999 |
_c9853 _d9853 |
||